[Event "ESP-ch U14"]
[Site "Linares"]
[Date "2010.07.13"]
[Round "2"]
[White "Zurita Garcia, Marcel"]
[Black "Navarrete Espi, Samuel"]
[Result "1/2-1/2"]
[WhiteElo "1767"]
[BlackElo "2057"]
[PlyCount "67"]
[EventDate "2010.07.13"]
[EventType "swiss"]
[EventRounds "9"]
[EventCountry "ESP"]
[SourceTitle "CBM 137 Extra"]
[Source "ChessBase"]
[SourceDate "2010.09.01"]
[SourceVersion "1"]
[SourceVersionDate "2010.09.01"]
[SourceQuality "1"]

1. e4 e5 2. Nf3 Nc6 3. Bc4 Bc5 4. c3 Nf6 5. d3 a6 6. b4 Ba7 7. 0-0 0-0 8. Bg5 h6 9. Bh4 d6 10. Nbd2 Be6 11. a4 Nb8 12. Bb3 Nbd7 13. Nc4 Re8 14. Ne3 Nf8 15. Nd5 Bxd5 16. Bxd5 c6 17. Bb3 Ng6 18. Bg3 Rf8 19. Nh4 Nxh4 20. Bxh4 g5 21. Bg3 Qd7 22. Re1 Rae8 23. Qf3 Kg7 24. Rad1 Nh7 25. d4 f5 26. exf5 Rxf5 27. Qe4 d5 28. dxe5 Qe6 29. Qe2 Bb8 30. Bc2 Rf7 31. Bxh7 Kxh7 32. Qd3+ Kg7 33. Re2 Qg6 34. Qd4 1/2-1/2

[Event "Valencia Autonomico-ch U18"]
[Site "Valencia"]
[Date "2010.04.09"]
[Round "6"]
[White "Zurita Garcia, Marcel"]
[Black "Rubio Tent, Francisco"]
[Result "0-1"]
[WhiteElo "1763"]
[BlackElo "1940"]
[PlyCount "60"]
[EventDate "2010.04.07"]
[EventType "swiss"]
[EventRounds "7"]
[EventCountry "ESP"]
[SourceTitle "EXT 2024"]
[Source "ChessBase"]
[SourceDate "2023.10.10"]
[SourceVersion "1"]
[SourceVersionDate "2023.10.10"]
[SourceQuality "1"]

1. e4 c6 2. d4 d5 3. Nc3 dxe4 4. Nxe4 Bf5 5. Ng3 Bg6 6. h4 h6 7. Nf3 Nd7 8. Bd3 Bxd3 9. Qxd3 e6 10. c4 Ngf6 11. Bd2 Bd6 12. Ne4 Nxe4 13. Qxe4 Nf6 14. Qd3 Qc7 15. Bc3 Rd8 16. Rd1 0-0 17. 0-0 a6 18. Qc2 b5 19. c5 Be7 20. b4 Nd5 21. Rfe1 Bf6 22. g3 Rd7 23. Rd2 Rfd8 24. Red1 Ne7 25. a3 Nf5 26. Qe4 Rd5 27. Kg2 R8d7 28. Kf1 Qxg3 29. Ke2 Qg6 30. Rh1 Ng3+ 0-1

[Event "Valencia Autonomico-ch U18"]
[Site "Valencia"]
[Date "2010.04.07"]
[Round "2"]
[White "Ballester Llagaria, Luis Eduardo"]
[Black "Zurita Garcia, Marcel"]
[Result "1-0"]
[WhiteElo "2028"]
[BlackElo "1763"]
[PlyCount "59"]
[EventDate "2010.04.07"]
[EventType "swiss"]
[EventRounds "7"]
[EventCountry "ESP"]
[SourceTitle "EXT 2024"]
[Source "ChessBase"]
[SourceDate "2023.10.10"]
[SourceVersion "1"]
[SourceVersionDate "2023.10.10"]
[SourceQuality "1"]

1. e4 c5 2. Nf3 d6 3. d4 cxd4 4. Nxd4 Nf6 5. Nc3 g6 6. Be3 Bg7 7. f3 Bd7 8. Qd2 Nc6 9. 0-0-0 0-0 10. g4 a6 11. h4 b5 12. h5 b4 13. Nd5 Nxd5 14. Nxc6 Bxc6 15. exd5 Bb5 16. Bh6 e5 17. dxe6 fxe6 18. Bxg7 Kxg7 19. hxg6 hxg6 20. Qh6+ Kf6 21. g5+ Ke7 22. Qxg6 Be8 23. Rh7+ Bf7 24. Bh3 Ke8 25. Rxf7 Rxf7 26. Bxe6 Raa7 27. Bxf7+ Rxf7 28. Rxd6 Qc7 29. Rf6 b3 30. Qg8+ 1-0

[Event "Provincial-ch Valencia Primera"]
[Site "Valencia"]
[Date "2009.11.15"]
[Round "6"]
[White "Zurita Garcia, Marcel"]
[Black "Hernandez Blasco, Fco Javier"]
[Result "1-0"]
[WhiteElo "1753"]
[BlackElo "1698"]
[PlyCount "114"]
[EventDate "2009.10.03"]
[EventType "swiss"]
[EventRounds "7"]
[EventCountry "ESP"]
[SourceTitle "EXT 2024"]
[Source "ChessBase"]
[SourceDate "2023.10.10"]
[SourceVersion "1"]
[SourceVersionDate "2023.10.10"]
[SourceQuality "1"]

1. e4 e6 2. d4 d5 3. exd5 exd5 4. Bd3 Nf6 5. Nf3 Bd6 6. 0-0 0-0 7. c3 Bg4 8. Bg5 c6 9. Nbd2 h6 10. Bh4 Nbd7 11. Qc2 Qc7 12. Bg3 Rfe8 13. Bxd6 Qxd6 14. Rfe1 Bh5 15. h3 Bxf3 16. Nxf3 Kf8 17. Bf5 Rad8 18. Bxd7 Qxd7 19. Ne5 Qd6 20. Re3 Kg8 21. Rae1 Ne4 22. c4 Re6 23. c5 Qe7 24. f3 Nf6 25. Ng6 Qd7 26. Rxe6 fxe6 27. Nf4 Re8 28. Re5 b6 29. b4 bxc5 30. bxc5 a5 31. Re3 Nh7 32. Qd2 Qf7 33. Nd3 Qc7 34. Ne5 Nf8 35. Rb3 Nd7 36. Nxd7 Qxd7 37. Qxa5 e5 38. Qd2 exd4 39. Qxd4 Qe6 40. Rb7 Qe1+ 41. Kh2 Qe5+ 42. Qxe5 Rxe5 43. Rc7 Re6 44. a4 d4 45. a5 Re1 46. Rxc6 Ra1 47. a6 d3 48. Rd6 d2 49. Rxd2 Rxa6 50. Kg3 Rc6 51. Rc2 Kf7 52. Kf4 Ke6 53. Ke4 g5 54. Rc3 Ra6 55. c6 Ra4+ 56. Ke3 Kd6 57. c7 Ra8 1-0

[Event "Provincial-ch Valencia Primera"]
[Site "Valencia"]
[Date "2009.10.03"]
[Round "1"]
[White "Molina Rausell, Miguel Angel"]
[Black "Zurita Garcia, Marcel"]
[Result "0-1"]
[WhiteElo "1754"]
[BlackElo "1753"]
[PlyCount "78"]
[EventDate "2009.10.03"]
[EventType "swiss"]
[EventRounds "7"]
[EventCountry "ESP"]
[SourceTitle "EXT 2024"]
[Source "ChessBase"]
[SourceDate "2023.10.10"]
[SourceVersion "1"]
[SourceVersionDate "2023.10.10"]
[SourceQuality "1"]

1. d4 d5 2. c4 e6 3. Nf3 Nf6 4. Nc3 b6 5. Bf4 Bd6 6. Bxd6 Qxd6 7. e3 0-0 8. Bd3 Bb7 9. 0-0 dxc4 10. Bxc4 Nbd7 11. Nb5 Qb4 12. b3 c6 13. a3 Qe7 14. Nc3 c5 15. dxc5 Nxc5 16. Be2 Rfd8 17. Qc2 Rac8 18. Rfd1 Nce4 19. Rxd8+ Qxd8 20. Rd1 Qc7 21. Bc4 Nxc3 22. Qxc3 b5 23. Qe5 Qxe5 24. Nxe5 bxc4 25. bxc4 Kf8 26. Kf1 Ba6 27. Rc1 Ne4 28. Ke1 Nd6 29. f3 Nxc4 30. Nxc4 Rxc4 31. Rxc4 Bxc4 32. Kd2 Ke7 33. e4 Bf1 34. g3 Kd6 35. f4 Kc5 36. Kc3 Bg2 37. e5 Kb5 38. h4 Ka4 39. Kb2 h5 0-1